01634nam a2200301 a 4500001001000000003000900010005001700019007000300036008004100039040002500080082002300105245009200128260005500220300003400275505019200309590002800501650005600529650005200585700004000637910000700677942001400684952012400698952012400822952011800946952012401064952012701188999001701315000028252DO-SdBNP20240229073821.0ta110407s2001 dr c 000 0 spa d aDO-SdBNPbspacBNPHU a352.56 bH887r22200aHuellas de la reforma judicial :bperiodo 1997-2001 /cpresentación Jorge Subero Isa. aSanto Domingo :bSuprema Corte de Justicia,c2001. ax, 133 p. :bretrs. ;c28 cm. aMuestra de las condiciones en que funcionaban los tribunales 9|Obras construidas y remodeladas por la Suprema Corte de Justicia por departamentos judiciales 27|Obras en construcción 123 aInventariado, 2023 / DG 4aEdificios públicosxRepública Dominicana983189 4aReforma judicialxRepública Dominicana98319012aSubero Isa, Jorge A.,d1947-976863 aDG 2ddccLBS1 001054708DSaGRbGRcCTd2011-04-07iLF1l0oxxxx p28252-30r2020-06-25te. 3w2020-06-25yLFDSZPréstamo en sala 001054708DSaGRbGRcCTd2013-04-19iLF1l0oxxxx p28252-40r2020-06-25te. 4w2020-06-25yLFDSZPréstamo en sala 001054708PDaPDbPDcCTd2011-04-07iLF1l0oxxxx p28252-10r2020-06-25w2020-06-25yLFPDZPréstamo en sala 001054728PDaPDbPDcCTd2011-04-07iLF1l0oxxxx p28252-20r2020-06-25te. 2w2020-06-25yLFPDZPréstamo en sala 00102ddc56708DSaBNPHUbBNPHUcCTd2023-03-17l0oBNPHU DS 352.56 H887rp2023-1203r2023-03-17te.5w2023-03-17yLBS1 c27744d27744